Statistics for World Cup 2022 XIs - Argentina vs France

Click here to take the quiz!

General Stats

  • This quiz has been taken 57 times
  • The average score is 17 of 22

Answer Stats

PositionAnswer% Correct
GKEmiliano Martinez
96%
GKHugo Lloris
92%
RWLionel Messi
90%
LWKylian Mbappe
88%
LWAngel Di Maria
84%
STOlivier Giroud
84%
LBTheo Hernandez
84%
CAMAntione Griezmann
80%
CBNicolas Otamendi
80%
CBRaphael Varane
78%
CMAlexis Mac Allister
76%
STJulian Alvarez
73%
RWOusmane Dembele
73%
CDMAurelien Tchouameni
69%
CBCristian Romero
69%
CBDayot Upamecano
67%
CMEnzo Fernandez
67%
CMRodrigo De Paul
65%
RBJules Kounde
63%
RBNahuel Molina
63%
CDMAdrien Rabiot
59%
LBNicolas Tagliafico
59%

Score Distribution

Percentile by Number Answered

Percent of People with Each Score

Your Score History

You have not taken this quiz